Регионална библиотека "Любен Каравелов" - Русе

Речитатив (Запис номер 317273)

MARC детайли
000 -Лидер
Контролно поле с фиксирана дължина 00694nja a2200205 a 4500
003 - Код на организацията, давaща контролен номер
Контролно поле BLK
005 - Дата и час на последна редакция
Контролно поле 20250307132839.0
008 - Елементи от данни с фиксирана дължина
fixed length control field 180414c bul|r|ner|||| 00| c0bul d
010 ## - Наследен системен номер
LC control number NOT00003277004
040 ## - Източник на каталожния запис
Идентификатор на билиотеката - собственик на записа BLK
100 ## - Редна дума - Автор
Автор Костов, Георги
Дати, свързани с автора 1941 - 2024
Автор - информация (биография) Композитор
Пълна форма на името Георгиев, Георги Костов
R(LIN) 373168
245 10 - Сведения за заглавието
Заглавие Речитатив
Редно поле (дума) Георги Костов.
257 ## - Страна на издаване
Страна на създаване/издаване България
380 ## - Жанр
Жанр Изкуство
773 ## - Описание на основна библиографска единица при аналитични записи (многотомни)
Host Biblionumber 317269
Host Itemnumber 670205
Редна дума на основното описание Костов, Георги
Заглавие Пиеси за валдхорна
852 ## - Местоположение
Форматна сигнатура Цб М ІІ 5704
942 ## - АРТИКУЛИ
Вид на библиотечния материал Нотни издания
Скрит в OPAC Не
944 ## - СЪЗДАВАНЕ И РЕДАКЦИЯ на ЗАПИСА
Създаване/Редакция Създаване
Дата на регистрацията/редакция 07.10.2010
Служител, извършил регистрацията/редакцията 30560
Статус, дата на статуса Геновева Генчева
944 ## - СЪЗДАВАНЕ И РЕДАКЦИЯ на ЗАПИСА
Създаване/Редакция Редакция
Дата на регистрацията/редакция 07.10.2010
Служител, извършил регистрацията/редакцията
999 ## - СИСТЕМНИ КОНТРОЛНИ НОМЕРА
Koha biblionumber 317273
Koha biblioitemnumber 317273
Наличности
Код за отписване Код за изгубен артикул Код за повреда Коз за рестрикции Код за отдаване Артикулен № Име на библиотеката - собственик Име на библиотеката, в която се намира в момента Статус (Текущо местоположение) Дата на вписване в системата Местоположение - отдел Цена в лева Инвентарен номер Систематично азбучна сигнатура Баркод Номер на екземпляра Цена в евро Служебна бележка Служебен тип на артикула Бележка за публиката
  Не е изгубен Не е повреден само за читалня ползва се в читалня 670211 Регионална библиотека "Любен Каравелов" Русе Регионална библиотека "Любен Каравелов" Русе Аналитични записи 2018-04-14 Аналитични записи 0.00 900400003277 Цб М ІІ 5704 900400003277 4 0.00 аналитичен запис Статия Това е описние на част от артикул: Пиеси за валдхорна
Vip Innovations Ltd, Rousse, Bulgaria 2025